[Event "French Team Championships"]
[Site "Mulhouse FRA"]
[Date "2011.06.01"]
[EventDate "2011.05.26"]
[Round "7"]
[Result "1-0"]
[White "Almira Skripchenko"]
[Black "Sophie Milliet"]
[WhiteElo "2462"]
[BlackElo "2388"]
[PlyCount "53"]

1. e4 c5 2. b3 e6 3. Bb2 Nc6 4. Nf3 a6 5. c4 Nf6 6. Nc3 d5
7. exd5 exd5 8. Nxd5 Nxd5 9. cxd5 Qxd5 10. Be2 Bf5 11. O-O
O-O-O 12. Bc4 Qd7 13. Ng5 b5 14. Be2 f6 15. Nf3 Nb4 16. d4 Kb8
17. Qd2 Nc6 18. a4 Nxd4 19. Nxd4 cxd4 20. axb5 d3 21. Bf3 Qxb5
22. Ra5 Qxb3 23. Rxf5 Bb4 24. Qe3 Bd6 25. Bd4 Rd7 26. Qe4 d2
27. Rb1 1-0

[Event "French Team Championships"]
[Site "Mulhouse FRA"]
[Date "2011.06.03"]
[EventDate "2011.05.26"]
[Round "9"]
[Result "1/2-1/2"]
[White "Didier Collas"]
[Black "Sophie Milliet"]
[WhiteElo "2381"]
[BlackElo "2388"]
[PlyCount "31"]

1. e4 e5 2. Nf3 Nc6 3. Bb5 f5 4. Nc3 fxe4 5. Nxe4 d5 6. Nxe5
dxe4 7. Nxc6 Qg5 8. Qe2 Nf6 9. f4 Qxf4 10. Ne5+ c6 11. d4 Qh4+
12. g3 Qh3 13. Bc4 Be6 14. Bf4 Bd6 15. O-O-O O-O-O 16. Kb1
1/2-1/2

[Event "French Team Championships"]
[Site "Mulhouse FRA"]
[Date "2011.06.04"]
[EventDate "2011.05.26"]
[Round "10"]
[Result "0-1"]
[White "Emma Richard"]
[Black "Sophie Milliet"]
[WhiteElo "2073"]
[BlackElo "2388"]
[PlyCount "78"]

1. e4 c5 2. Nf3 d6 3. c3 Nf6 4. h3 Nc6 5. Bd3 d5 6. exd5 Qxd5
7. Be2 e5 8. d3 Bf5 9. Nh4 Be6 10. O-O O-O-O 11. Qc2 h6
12. Rd1 g5 13. Nf3 Bf5 14. Na3 Rg8 15. b4 g4 16. Nh4 gxh3
17. Bf3 Qe6 18. b5 Nb8 19. Qe2 Bg4 20. Nc4 Bxf3 21. Qxf3 Qg4
22. Qxg4+ Rxg4 23. Nxe5 Rxh4 24. Nxf7 h2+ 25. Kh1 Ng4 26. Rf1
Rd7 27. Nh8 Ne5 28. Be3 Rxd3 29. f4 Nc4 30. Ng6 Nxe3 31. Nxh4
Nxf1 32. Rxf1 Rxc3 33. f5 Nd7 34. f6 Rd3 35. Ng6 c4 36. Kxh2
c3 37. f7 c2 38. Rc1 Rd2 39. Kg3 Ba3 0-1

[Event "French Team Championship"]
[Site "Belfort FRA"]
[Date "2012.05.31"]
[EventDate "?"]
[Round "1"]
[Result "1-0"]
[White "Sophie Milliet"]
[Black "Carole Forestier"]
[WhiteElo "2387"]
[BlackElo "2096"]
[PlyCount "39"]

1. e4 e6 2. d4 d5 3. Nc3 Nf6 4. e5 Nfd7 5. f4 c5 6. Nf3 Nc6
7. Be3 Qb6 8. a3 cxd4 9. Nxd4 Bc5 10. Ncb5 a6 11. Nxc6 Bxe3
12. Nd6+ Kf8 13. Qh5 Nxe5 14. fxe5 Bf2+ 15. Kd1 Qc7 16. Nd8
Ke7 17. N8xf7 Qa5 18. Qg5+ Kd7 19. Bb5+ axb5 20. Nxh8 1-0

[Event "French Team Championship"]
[Site "Belfort FRA"]
[Date "2012.06.01"]
[EventDate "?"]
[Round "2"]
[Result "0-1"]
[White "Maria Nepeina Leconte"]
[Black "Sophie Milliet"]
[WhiteElo "2260"]
[BlackElo "2387"]
[PlyCount "74"]

1. d4 Nf6 2. Nf3 d6 3. c4 g6 4. Nc3 Bf5 5. Bg5 Ne4 6. Nxe4
Bxe4 7. Nd2 Bc6 8. d5 Bd7 9. Qb3 Na6 10. Qc3 Rg8 11. Nb3 Bg7
12. Qd2 c6 13. e4 Qb6 14. Be2 Qb4 15. O-O Qxd2 16. Bxd2 Bxb2
17. Rab1 Bf6 18. Rfc1 c5 19. Na5 b6 20. Nc6 Bxc6 21. dxc6 Kd8
22. a4 Kc7 23. a5 Nb8 24. Bd1 Nxc6 25. a6 Bd4 26. Kf1 f5
27. exf5 Raf8 28. Bc2 Ne5 29. Bh6 Rf7 30. Be4 e6 31. fxe6
Rxf2+ 32. Ke1 Re8 33. Rd1 Ng4 34. Bd5 Ref8 35. Bxf8 Bc3+
36. Rd2 Bxd2+ 37. Kd1 Ne3# 0-1

[Event "French Team Championship"]
[Site "Belfort FRA"]
[Date "2012.06.02"]
[EventDate "?"]
[Round "3"]
[Result "1/2-1/2"]
[White "Sophie Milliet"]
[Black "Natacha Benmesbah"]
[WhiteElo "2387"]
[BlackElo "2208"]
[PlyCount "76"]

1. e4 c5 2. Nf3 d6 3. d4 cxd4 4. Qxd4 a6 5. Be3 Nf6 6. Nc3 Nc6
7. Qd2 e6 8. O-O-O Be7 9. Bf4 e5 10. Bg5 Be6 11. Bxf6 gxf6
12. Nd5 f5 13. exf5 Bxf5 14. Nxe7 Qxe7 15. Qxd6 Rc8 16. Qxe7+
Kxe7 17. Nh4 Be6 18. Bd3 Nb4 19. a3 Nxd3+ 20. Rxd3 Rc4 21. g3
Rhc8 22. c3 b5 23. Re1 f6 24. Rde3 R8c6 25. Nf3 b4 26. axb4
Rxb4 27. Re4 Rb7 28. Rh4 Bg8 29. Nd4 Rcb6 30. Re2 Kf8 31. Nf5
Rd7 32. b4 Rc6 33. Kb2 Bc4 34. Rxc4 Rxc4 35. Ne3 Rc6 36. c4
Rd3 37. Kc2 Ra3 38. Kb2 Rd3 1/2-1/2

[Event "European Team Championship (Women)"]
[Site "Warsaw POL"]
[Date "2013.11.16"]
[EventDate "2013.11.08"]
[Round "8.13"]
[Result "1-0"]
[White "Sophie Milliet"]
[Black "Anita Gronnestad"]
[WhiteElo "2383"]
[BlackElo "1958"]
[PlyCount "61"]

1. e4 e6 2. d4 d5 3. Nc3 dxe4 4. Nxe4 Bd7 5. Nf3 Bc6 6. Bd3
Nd7 7. O-O Be7 8. Re1 Bxe4 9. Bxe4 c6 10. c4 Ngf6 11. Bc2 Qc7
12. a3 O-O 13. Bg5 Rfe8 14. Rc1 Nb6 15. Qd3 g6 16. Qe2 Nbd7
17. Rcd1 Bf8 18. Ne5 Bg7 19. f4 c5 20. Ba4 cxd4 21. Bxf6 Nxf6
22. Bxe8 Rxe8 23. Rxd4 Qb6 24. Rd1 Nh5 25. Kh1 Qc5 26. Rd8
Rxd8 27. Rxd8+ Bf8 28. Nd7 Qd6 29. Rxf8+ Kg7 30. Qe5+ Qxe5
31. fxe5 1-0

[Event "Chess Olympiad (Women)"]
[Site "Tromso NOR"]
[Date "2014.08.02"]
[EventDate "2014.08.02"]
[Round "1.9"]
[Result "0-1"]
[White "Alia Anin Azwa Bakri"]
[Black "Sophie Milliet"]
[WhiteElo "1964"]
[BlackElo "2385"]
[PlyCount "118"]

1. d4 Nf6 2. c4 c5 3. e3 g6 4. Nc3 Bg7 5. Nf3 O-O 6. Be2 cxd4
7. Nxd4 d5 8. O-O dxc4 9. Bxc4 a6 10. Be2 Qc7 11. Bd2 e5
12. Nb3 Nc6 13. Bf3 Rd8 14. Qe2 Bf5 15. e4 Be6 16. Be3 Nd4
17. Bxd4 exd4 18. Nb1 Bc4 19. Qc2 Rac8 20. Rd1 Qe5 21. Na3 Bd5
22. Qd3 Bxe4 23. Bxe4 Nxe4 24. Re1 Nc5 25. Nxc5 Qxc5 26. h3 b5
27. Rad1 Qd5 28. Ra1 h5 29. Re2 Re8 30. Rd2 Re5 31. Nc2 Rce8
32. a3 h4 33. Rf1 Rg5 34. f4 Rg3 35. Rf3 Rxf3 36. Qxf3 Qxf3
37. gxf3 d3 38. Nb4 Re2 39. Rxe2 dxe2 40. Kf2 Bxb2 41. Nxa6
Bxa3 42. Nc7 b4 43. Kxe2 Bc1 44. Nd5 b3 45. Kd1 b2 46. Kc2 Kf8
47. Nb4 Ke7 48. Nd3 Ke6 49. Ne1 Kd5 50. Ng2 Kd4 51. Nxh4 Bxf4
52. Ng2 Bc1 53. h4 f6 54. Kb1 Kd3 55. f4 Ke4 56. Kc2 Kf3
57. Ne1+ Kxf4 58. Nd3+ Kg4 59. Nc5 Kxh4 0-1

[Event "Chess Olympiad (Women)"]
[Site "Tromso NOR"]
[Date "2014.08.04"]
[EventDate "2014.08.02"]
[Round "3.3"]
[Result "1/2-1/2"]
[White "Sophie Milliet"]
[Black "Valentina Gunina"]
[WhiteElo "2385"]
[BlackElo "2524"]
[PlyCount "44"]

1. e4 c6 2. d4 d5 3. Nc3 dxe4 4. Nxe4 Bf5 5. Ng3 Bg6 6. Nh3 e6
7. Bc4 Bd6 8. O-O Nf6 9. f4 Qc7 10. Kh1 Nbd7 11. f5 exf5
12. Qe2+ Kd8 13. Nxf5 Bxh2 14. Bxf7 Bxf5 15. Rxf5 g6 16. Rxf6
Nxf6 17. Qe6 Nd7 18. Bg5+ Kc8 19. Bf6 Rf8 20. Be7 Rh8 21. Bf6
Rf8 22. Be7 Rh8 1/2-1/2

[Event "Chess Olympiad (Women)"]
[Site "Tromso NOR"]
[Date "2014.08.05"]
[EventDate "2014.08.02"]
[Round "4.14"]
[Result "1-0"]
[White "Sophie Milliet"]
[Black "Annegret Mucha"]
[WhiteElo "2385"]
[BlackElo "2008"]
[PlyCount "55"]

1. e4 c5 2. Nf3 d6 3. d4 cxd4 4. Qxd4 a6 5. h3 Nc6 6. Qe3 Nf6
7. c4 g6 8. Be2 Bg7 9. O-O O-O 10. Nc3 b6 11. Rd1 Qc7 12. Bd2
Be6 13. Nd5 Bxd5 14. cxd5 Nb8 15. Rac1 Qb7 16. Nd4 Rc8
17. Rxc8+ Qxc8 18. Rc1 Qb7 19. f3 Nbd7 20. Nc6 Re8 21. Qa3 a5
22. Qb3 Nc5 23. Qb5 e6 24. dxe6 fxe6 25. Be3 Rc8 26. Nxa5 Qa7
27. Nc4 Qxa2 28. Nxd6 1-0

[Event "Chess Olympiad (Women)"]
[Site "Tromso NOR"]
[Date "2014.08.06"]
[EventDate "2014.08.02"]
[Round "5.8"]
[Result "1/2-1/2"]
[White "Zoya Schleining"]
[Black "Sophie Milliet"]
[WhiteElo "2369"]
[BlackElo "2385"]
[PlyCount "83"]

1. d4 d6 2. Nf3 Nf6 3. c4 g6 4. Nc3 Bf5 5. Qb3 Qc8 6. h3 Bg7
7. Bf4 O-O 8. e3 c5 9. d5 Na6 10. Nd2 Nc7 11. Be2 Rb8 12. O-O
Bd7 13. a4 b6 14. e4 Nfe8 15. Nf3 e5 16. dxe6 fxe6 17. Bg3 e5
18. Qd1 a6 19. h4 Ne6 20. Nd5 Qd8 21. h5 g5 22. Nh2 Nd4
23. Bg4 h6 24. Bxd7 Qxd7 25. Ng4 Nc7 26. Nxc7 Qxc7 27. Ne3 Qf7
28. Nd5 Rb7 29. Qg4 Rd8 30. Rab1 a5 31. b3 Qd7 32. Qxd7 Rdxd7
33. f3 Kf7 34. Be1 Ne2+ 35. Kf2 Nf4 36. Rh1 Nxd5 37. exd5 Ke8
38. Ke3 Rf7 39. Bg3 Rf5 40. Ke4 Rbf7 41. Rbd1 Kd7 42. Rh3
1/2-1/2

[Event "Chess Olympiad (Women)"]
[Site "Tromso NOR"]
[Date "2014.08.08"]
[EventDate "2014.08.02"]
[Round "6.5"]
[Result "1-0"]
[White "Sophie Milliet"]
[Black "Zuzana Stockova"]
[WhiteElo "2385"]
[BlackElo "2383"]
[PlyCount "73"]

1. e4 c5 2. Nf3 Nc6 3. Bb5 d6 4. O-O Bd7 5. Re1 Nf6 6. c3 a6
7. Ba4 b5 8. Bc2 Bg4 9. h3 Bxf3 10. Qxf3 Rc8 11. a4 b4 12. a5
Nd7 13. Qe2 Nxa5 14. Ba4 Nc6 15. Qxa6 Ncb8 16. Qe2 e6 17. d4
bxc3 18. d5 e5 19. Nxc3 Be7 20. Bb5 O-O 21. Be3 Nf6 22. Ra7
Ne8 23. Rea1 Nc7 24. Qc4 Nd7 25. Bxd7 Qxd7 26. b4 Qd8 27. b5
Rb8 28. Rb1 Na8 29. Na4 Nb6 30. Nxb6 Rxb6 31. Bd2 Rb8 32. Ba5
Qe8 33. Bc7 Rc8 34. b6 Qd7 35. Qb5 Qxb5 36. Rxb5 f5 37. b7 1-0

[Event "Chess Olympiad (Women)"]
[Site "Tromso NOR"]
[Date "2014.08.10"]
[EventDate "2014.08.02"]
[Round "8.4"]
[Result "1-0"]
[White "Tatev Abrahamyan"]
[Black "Sophie Milliet"]
[WhiteElo "2366"]
[BlackElo "2385"]
[PlyCount "51"]

1. e4 d6 2. d4 Nf6 3. Nc3 e5 4. Nf3 Nbd7 5. Bc4 Be7 6. a4 O-O
7. O-O a6 8. Re1 b6 9. h3 Bb7 10. Ba2 b5 11. axb5 axb5 12. b4
d5 13. dxe5 Bxb4 14. exf6 Bxc3 15. fxg7 Kxg7 16. Bg5 f6
17. Nd4 Bxd4 18. Qxd4 Ra4 19. Qb2 Rxe4 20. Rxe4 dxe4 21. Rd1
Bc6 22. Qc3 Qa8 23. Bb3 b4 24. Qg3 fxg5 25. Rxd7+ Kg6 26. Rg7+
1-0

[Event "Chess Olympiad (Women)"]
[Site "Tromso NOR"]
[Date "2014.08.11"]
[EventDate "2014.08.02"]
[Round "9.3"]
[Result "1-0"]
[White "Ju Wenjun"]
[Black "Sophie Milliet"]
[WhiteElo "2559"]
[BlackElo "2385"]
[PlyCount "57"]

1. d4 Nf6 2. c4 c5 3. Nf3 cxd4 4. Nxd4 e5 5. Nb5 d5 6. cxd5
Bb4+ 7. N1c3 Bc5 8. d6 Na6 9. e3 O-O 10. Be2 Bf5 11. O-O Rc8
12. a3 Nb8 13. Nd5 Nc6 14. b4 Nxd5 15. bxc5 Nf6 16. Bb2 b6
17. f4 e4 18. Rc1 Nd7 19. Nd4 Nxd4 20. Qxd4 Qf6 21. c6 Nc5
22. Qxf6 gxf6 23. c7 Nd3 24. Bxd3 exd3 25. Bxf6 Rfe8 26. Kf2
Re4 27. Rfd1 Ra4 28. d7 Bxd7 29. Rxd3 1-0

[Event "Chess Olympiad (Women)"]
[Site "Tromso NOR"]
[Date "2014.08.14"]
[EventDate "2014.08.02"]
[Round "11.10"]
[Result "0-1"]
[White "Jovana Rapport"]
[Black "Sophie Milliet"]
[WhiteElo "2312"]
[BlackElo "2385"]
[PlyCount "114"]

1. Nf3 Nf6 2. c4 b6 3. d4 e6 4. a3 Bb7 5. Nc3 d5 6. Qa4+ Qd7
7. Qxd7+ Nbxd7 8. Nb5 Bd6 9. cxd5 Bxd5 10. Nd2 e5 11. f3 exd4
12. Nxd6+ cxd6 13. b4 a5 14. Bb2 axb4 15. axb4 Rxa1+ 16. Bxa1
Ke7 17. Bxd4 Rc8 18. e4 Rc1+ 19. Kf2 Be6 20. Rg1 Rc2 21. Ke3
Rc1 22. Kf2 Rc2 23. Ke2 Ne5 24. Kd1 Ra2 25. Bxb6 Ra1+ 26. Ke2
Nc4 27. Bd4 Ra2 28. Bc3 Nd7 29. Ke1 Ne3 30. Bd3 Ra3 31. Ke2
Rxc3 32. Kxe3 Ne5 33. f4 Rxd3+ 34. Ke2 Bg4+ 35. Nf3 Bxf3+
36. gxf3 Rd2+ 37. Kxd2 Nxf3+ 38. Ke3 Nxg1 39. Kf2 Nh3+ 40. Kg3
Ng1 41. Kf2 Nh3+ 42. Kg3 Nxf4 43. Kxf4 Kd7 44. Ke3 Kc6 45. Kd4
g6 46. e5 dxe5+ 47. Kxe5 f5 48. h4 Kb5 49. h5 Kxb4 50. h6 Kc5
51. Kf6 f4 52. Kg7 f3 53. Kxh7 f2 54. Kxg6 f1=Q 55. Kg7 Qg1+
56. Kh8 Qd4+ 57. Kg8 Qd5+ 0-1

[Event "European Team Championship (Women)"]
[Site "Reykjavik ISL"]
[Date "2015.11.13"]
[EventDate "2015.11.13"]
[Round "1.19"]
[Result "0-1"]
[White "Ana Srebrnic"]
[Black "Sophie Milliet"]
[WhiteElo "2238"]
[BlackElo "2356"]
[PlyCount "58"]

1. Nf3 Nf6 2. c4 b6 3. g3 Bb7 4. Bg2 g6 5. O-O Bg7 6. d4 O-O
7. Nc3 Ne4 8. Qc2 Nxc3 9. bxc3 d6 10. e4 Nc6 11. Rd1 Na5
12. c5 Qd7 13. cxd6 cxd6 14. Bd2 Rac8 15. e5 Bd5 16. Bf4 Qc6
17. Ne1 Bxg2 18. Nxg2 dxe5 19. dxe5 Nc4 20. Qe2 Qe6 21. Re1
Rc5 22. Rad1 Nxe5 23. Rd4 Qc8 24. Re4 Nc6 25. c4 f5 26. Re3 e5
27. Bg5 h6 28. Bh4 g5 29. Qh5 Qe8 0-1

[Event "European Team Championship (Women)"]
[Site "Reykjavik ISL"]
[Date "2015.11.14"]
[EventDate "2015.11.13"]
[Round "2.6"]
[Result "1/2-1/2"]
[White "Sophie Milliet"]
[Black "Elena Luminita Radu Cosma"]
[WhiteElo "2356"]
[BlackElo "2303"]
[PlyCount "59"]

1. e4 e6 2. d4 d5 3. Nc3 Nf6 4. Bg5 Be7 5. e5 Nfd7 6. Bxe7
Qxe7 7. f4 O-O 8. Nf3 c5 9. Qd2 Nc6 10. dxc5 Nxc5 11. Qe3 b6
12. Bb5 Bb7 13. Bxc6 Bxc6 14. Nd4 Rac8 15. O-O f5 16. exf6
Qxf6 17. f5 e5 18. Nxc6 Qxc6 19. Qxe5 Ne4 20. Qxd5+ Qxd5
21. Nxd5 Rxc2 22. Rac1 Rxb2 23. Rc7 Rd8 24. Nf4 Nc5 25. Rxa7
Rd7 26. Rxd7 Nxd7 27. Rf2 Rb1+ 28. Rf1 Rb2 29. Rf2 Rb1+
30. Rf1 1/2-1/2

[Event "European Team Championship (Women)"]
[Site "Reykjavik ISL"]
[Date "2015.11.15"]
[EventDate "2015.11.13"]
[Round "3.4"]
[Result "1-0"]
[White "Sophie Milliet"]
[Black "Tea Bosboom-Lanchava"]
[WhiteElo "2356"]
[BlackElo "2274"]
[PlyCount "77"]

1. e4 g6 2. d4 Bg7 3. Nc3 d6 4. f4 Nf6 5. Nf3 c5 6. Bb5+ Bd7
7. e5 Ng4 8. Bxd7+ Qxd7 9. h3 cxd4 10. Qxd4 Nh6 11. Bd2 Nc6
12. Qf2 O-O 13. O-O-O b5 14. Kb1 b4 15. Ne4 Qc7 16. g4 Rfc8
17. exd6 exd6 18. Bc1 Rd8 19. f5 d5 20. Nc5 Qb6 21. f6 Bf8
22. Nd3 Qxf2 23. Nxf2 Rd6 24. Bg5 Kh8 25. Nd3 Re8 26. Rhe1 Re4
27. Nde5 Nxe5 28. Nxe5 Kg8 29. Rxe4 dxe4 30. Rxd6 Bxd6 31. Nd7
Nf5 32. gxf5 gxf5 33. Bh6 f4 34. Kc1 f3 35. Kd2 a5 36. b3 Kh8
37. Nb6 a4 38. Nd5 axb3 39. axb3 1-0

[Event "European Team Championship (Women)"]
[Site "Reykjavik ISL"]
[Date "2015.11.16"]
[EventDate "2015.11.13"]
[Round "4.2"]
[Result "1/2-1/2"]
[White "Petra Papp"]
[Black "Sophie Milliet"]
[WhiteElo "2303"]
[BlackElo "2356"]
[PlyCount "81"]

1. e4 c5 2. Nf3 Nc6 3. d4 cxd4 4. Nxd4 e5 5. Nb5 d6 6. c4 Be7
7. N1c3 a6 8. Na3 Be6 9. Be2 Nd4 10. Nc2 Nxe2 11. Qxe2 Rc8
12. Ne3 Nf6 13. Bd2 O-O 14. b3 Qe8 15. f3 Bd8 16. O-O Bb6
17. Kh1 Bd4 18. Rac1 Nh5 19. Ned5 f5 20. Be3 f4 21. Bf2 Ng3+
22. Bxg3 fxg3 23. f4 Bxc3 24. Rxc3 Bxd5 25. exd5 exf4 26. Qxe8
Rfxe8 27. hxg3 fxg3 28. Rxg3 b5 29. Rf6 bxc4 30. bxc4 Rxc4
31. Rxd6 Re1+ 32. Kh2 Rh4+ 33. Rh3 Rxh3+ 34. Kxh3 Re3+ 35. Kh2
Ra3 36. Rd7 Rxa2 37. Ra7 Rd2 38. Ra8+ Kf7 39. Ra7+ Kf8
40. Ra8+ Kf7 41. Ra7+ 1/2-1/2

[Event "European Team Championship (Women)"]
[Site "Reykjavik ISL"]
[Date "2015.11.20"]
[EventDate "2015.11.13"]
[Round "7.5"]
[Result "1/2-1/2"]
[White "Zehra Topel"]
[Black "Sophie Milliet"]
[WhiteElo "2106"]
[BlackElo "2356"]
[PlyCount "113"]

1. Nf3 Nf6 2. d4 e6 3. c4 b6 4. g3 Bb7 5. Bg2 g6 6. Nc3 Bg7
7. O-O Ne4 8. Bd2 O-O 9. Nxe4 Bxe4 10. Bc3 d5 11. b3 dxc4
12. bxc4 c5 13. e3 Qc7 14. Qe2 Nc6 15. Rfd1 Rad8 16. Qb2 Na5
17. Bxa5 bxa5 18. Rac1 Rd6 19. Qb5 Rfd8 20. Re1 cxd4 21. c5
Rd5 22. exd4 Rb8 23. Qa6 Bxf3 24. Bxf3 Rxd4 25. c6 h5 26. Qb7
Rc8 27. Rb1 Bf8 28. Qxc7 Rxc7 29. Rb7 Bd6 30. Reb1 Rd3 31. Kg2
Kg7 32. a4 Kf6 33. R1b5 h4 34. gxh4 Rd4 35. Rxa5 Rxh4
36. Raxa7 Rxb7 37. cxb7 Rxh2+ 38. Kg1 Rxf2 39. Kxf2 Bc5+
40. Ke2 Bxa7 41. Kd3 Ke5 42. Kc4 Kd6 43. Kb5 Kc7 44. Ka6 Bg1
45. Kb5 f5 46. Bc6 e5 47. Be8 g5 48. Bg6 f4 49. Be4 Ba7
50. Bf3 g4 51. Bxg4 e4 52. Bf5 e3 53. Bg4 Kxb7 54. Kc4 Kc6
55. Kd3 Kd5 56. Bf3+ Ke5 57. a5 1/2-1/2

[Event "London Chess Classic Open"]
[Site "London ENG"]
[Date "2015.12.04"]
[EventDate "2015.12.04"]
[Round "1.50"]
[Result "0-1"]
[White "Petr Vachtfeidl"]
[Black "Sophie Milliet"]
[WhiteElo "1974"]
[BlackElo "2356"]
[PlyCount "72"]

1. e4 d6 2. d4 Nf6 3. Nc3 e5 4. Nf3 Nbd7 5. Bc4 Be7 6. O-O O-O
7. Re1 a6 8. a4 b6 9. d5 Kh8 10. h3 Ng8 11. a5 b5 12. Ba2 g6
13. b4 f5 14. Qd3 h6 15. Bb2 Qe8 16. Ne2 Kh7 17. Ng3 f4
18. Nf1 g5 19. c4 h5 20. N3h2 Ndf6 21. cxb5 axb5 22. Rac1 Bd8
23. f3 g4 24. hxg4 hxg4 25. Nxg4 Nxg4 26. fxg4 Bxg4 27. Nh2
Bd7 28. Nf3 Nh6 29. Rc2 Rg8 30. Rc6 Qg6 31. Re2 Qg3 32. Rf2
Ng4 33. Re2 Bxc6 34. dxc6 Rg7 35. Be6 Ne3 36. Qxb5 Qxf3 0-1

[Event "London Chess Classic Open"]
[Site "London ENG"]
[Date "2015.12.05"]
[EventDate "2015.12.04"]
[Round "2.39"]
[Result "1-0"]
[White "Sophie Milliet"]
[Black "Steven A Jones"]
[WhiteElo "2356"]
[BlackElo "2160"]
[PlyCount "97"]

1. e4 c5 2. Nf3 Nc6 3. Bb5 d6 4. d4 cxd4 5. Qxd4 Bd7 6. Bxc6
Bxc6 7. Nc3 h6 8. Qd3 e5 9. Nd2 Nf6 10. Nc4 b5 11. Ne3 Rc8
12. Ned5 Bxd5 13. Nxd5 Nxd5 14. Qxb5+ Qd7 15. Qxd5 Rxc2
16. Qb3 Rc8 17. O-O Be7 18. Qg3 Bf6 19. Rd1 Qe7 20. b3 Rc6
21. Rd5 Qc7 22. Bd2 Ke7 23. Rd1 Rc5 24. Qd3 Rb8 25. Rxc5 Qxc5
26. Rc1 Qb6 27. Qd5 Qb7 28. Rc6 Qd7 29. Qc4 Rb7 30. Ba5 Qe6
31. Qa6 Rd7 32. Bb4 Bg5 33. Qa5 f5 34. Rxd6 Rxd6 35. Qc7+ Kf6
36. Qxd6 fxe4 37. Qxe6+ Kxe6 38. Kf1 Kd5 39. Ke2 Kd4 40. Bd2
e3 41. fxe3+ Ke4 42. b4 Be7 43. a4 g6 44. b5 Bd6 45. h3 Be7
46. a5 Kd5 47. e4+ Kc5 48. b6 axb6 49. Bb4+ 1-0

[Event "London Chess Classic Open"]
[Site "London ENG"]
[Date "2015.12.05"]
[EventDate "2015.12.04"]
[Round "3.12"]
[Result "1-0"]
[White "Keith Arkell"]
[Black "Sophie Milliet"]
[WhiteElo "2499"]
[BlackElo "2356"]
[PlyCount "143"]

1. d4 Nf6 2. Nf3 d5 3. c4 e6 4. cxd5 exd5 5. Nc3 Bb4 6. Qa4+
Nc6 7. Bg5 h6 8. Bxf6 Qxf6 9. e3 O-O 10. Be2 Be6 11. a3 Bd6
12. Nb5 a6 13. Nxd6 cxd6 14. O-O Rfc8 15. Rfc1 Qd8 16. Ne1 Ne7
17. Nd3 Rxc1+ 18. Rxc1 Rc8 19. Qd1 Rxc1 20. Qxc1 Qc8 21. Qxc8+
Bxc8 22. Bf3 g5 23. Nb4 Be6 24. Na2 Kf8 25. Nc3 Ke8 26. g4 Kd7
27. Bd1 Kc7 28. Kg2 b5 29. Kg3 Kb6 30. f4 Bd7 31. fxg5 hxg5
32. h4 gxh4+ 33. Kxh4 Kc7 34. Kg5 Be6 35. b4 Kd8 36. Kf6 Ng8+
37. Kg7 Ne7 38. Bf3 Kd7 39. Be2 Kd8 40. a4 Nc6 41. axb5 axb5
42. Na2 Ne7 43. Kf6 Ng8+ 44. Kg5 Ke7 45. Bxb5 Nf6 46. Be2 Ne4+
47. Kf4 Kd7 48. Bf3 Nf2 49. Kg3 Nd3 50. Be2 Nb2 51. Nc3 Kc6
52. Kf4 f6 53. g5 fxg5+ 54. Kxg5 Nc4 55. Bxc4 dxc4 56. e4 Bh3
57. Kf6 Kd7 58. d5 Bg2 59. b5 Kc7 60. Ke7 Bh3 61. Na4 Bg4
62. b6+ Kb7 63. Kxd6 Bd1 64. Nc3 Bf3 65. Kc5 Bg4 66. e5 Bd7
67. e6 Bc8 68. Ne4 Ka6 69. e7 Bd7 70. Kxc4 Kxb6 71. Nf6 Bb5+
72. Kd4 1-0

[Event "London Chess Classic Open"]
[Site "London ENG"]
[Date "2015.12.06"]
[EventDate "2015.12.04"]
[Round "4.33"]
[Result "1/2-1/2"]
[White "Sophie Milliet"]
[Black "Carlo Marzano"]
[WhiteElo "2356"]
[BlackElo "2152"]
[PlyCount "119"]

1. e4 d6 2. d4 Nf6 3. Nc3 e5 4. Nf3 Nbd7 5. Bc4 Be7 6. a4 a5
7. O-O O-O 8. Re1 c6 9. h3 Nb6 10. Bb3 Nfd7 11. Be3 exd4
12. Nxd4 Nc5 13. Qf3 Nxb3 14. cxb3 Bf6 15. Red1 Nd7 16. Qg3
Ne5 17. f4 Ng6 18. Nf5 Bxf5 19. exf5 Nh4 20. Qg4 g6 21. fxg6
hxg6 22. Bc5 Nf5 23. Ne4 Be7 24. Rd3 d5 25. Bxe7 Qxe7 26. Ng3
Nxg3 27. Rxg3 Qe4 28. f5 Qxg4 29. Rxg4 Kg7 30. h4 Rh8 31. Re1
Rae8 32. Rxe8 Rxe8 33. fxg6 fxg6 34. h5 Re6 35. b4 Kh6
36. hxg6 Rxg6 37. Rxg6+ Kxg6 38. bxa5 c5 39. Kf2 Kg5 40. Kf3
Kf5 41. b3 Kg5 42. g4 Kg6 43. Kf4 Kf6 44. g5+ Kg6 45. Ke5 d4
46. Kf4 Kg7 47. Ke4 Kg6 48. b4 cxb4 49. Kxd4 Kxg5 50. Kc4 Kf6
51. Kxb4 Ke7 52. Kb5 Kd7 53. Kb6 Kc8 54. Ka7 Kc7 55. Ka8 Kc8
56. Ka7 Kc7 57. Ka8 Kc8 58. Ka7 Kc7 59. Ka8 Kc8 60. Ka7
1/2-1/2

[Event "London Chess Classic Open"]
[Site "London ENG"]
[Date "2015.12.08"]
[EventDate "2015.12.04"]
[Round "6.18"]
[Result "1-0"]
[White "Sophie Milliet"]
[Black "Mads Andersen"]
[WhiteElo "2356"]
[BlackElo "2459"]
[PlyCount "69"]

1. e4 e6 2. d4 d5 3. Nc3 Nf6 4. e5 Nfd7 5. f4 c5 6. Nf3 Be7
7. Be3 O-O 8. Qd2 b6 9. h4 Nc6 10. h5 f6 11. h6 g6 12. dxc5
Nxc5 13. Bb5 Bb7 14. Bxc6 Bxc6 15. exf6 Bxf6 16. Bd4 Ne4
17. Qe3 Qd6 18. O-O-O Nxc3 19. Bxc3 Rac8 20. Bxf6 Rxf6 21. Rd4
Bd7 22. Qe5 Qxe5 23. Nxe5 Be8 24. Re1 Rf5 25. g4 Rf6 26. g5
Rf5 27. Ng4 Bd7 28. Nf6+ Rxf6 29. gxf6 Kf7 30. f5 Kxf6
31. fxg6 hxg6 32. Rf4+ Kg5 33. Rf7 Be8 34. Rf8 Kxh6 35. Rh1+
1-0

[Event "London Chess Classic Open"]
[Site "London ENG"]
[Date "2015.12.09"]
[EventDate "2015.12.04"]
[Round "7.11"]
[Result "0-1"]
[White "Sophie Milliet"]
[Black "Jahongir Vakhidov"]
[WhiteElo "2356"]
[BlackElo "2546"]
[PlyCount "160"]

1. e4 c5 2. Nf3 Nc6 3. d4 cxd4 4. Nxd4 g6 5. c4 Bg7 6. Be3 Nf6
7. Nc3 O-O 8. Be2 d6 9. O-O Bd7 10. Qd2 Nxd4 11. Bxd4 Bc6
12. f3 a5 13. b3 Nd7 14. Bf2 Nc5 15. Rab1 Be5 16. Rfd1 e6
17. Bf1 Qf6 18. Rbc1 Rad8 19. Qe1 g5 20. Ne2 b6 21. Bd4 Kh8
22. h3 h5 23. Qg3 Rg8 24. Rc2 Kh7 25. Rcd2 Rc8 26. Bxe5 dxe5
27. Nc3 Rg6 28. Rd6 Nb7 29. R6d2 Nc5 30. Bd3 Kg7 31. Bc2 g4
32. fxg4 hxg4 33. Rf2 gxh3 34. Qxh3 Qg5 35. Nd5 Rf8 36. Qc3
Rh6 37. Nf4 Rfh8 38. Rf3 Rh1+ 39. Kf2 Kf8 40. Rxh1 Rxh1
41. Qxe5 Qxe5 42. Ng6+ Ke8 43. Nxe5 Rc1 44. Bd3 Bxe4 45. Bxe4
Nxe4+ 46. Ke3 Re1+ 47. Kf4 Nc5 48. Nd3 Re2 49. Nxc5 bxc5
50. Rg3 Rf2+ 51. Ke5 Ke7 52. a4 f6+ 53. Ke4 f5+ 54. Ke5 Re2+
55. Kf4 Kf6 56. Rg8 Rf2+ 57. Kg3 Rb2 58. Rb8 Ke5 59. Rb6 Rc2
60. Kf3 Rc3+ 61. Kf2 f4 62. Rc6 Rxb3 63. Rxc5+ Ke4 64. Rxa5
Rb2+ 65. Kg1 e5 66. Rb5 Rc2 67. Rc5 Re2 68. a5 Kd4 69. Rc6 e4
70. Rd6+ Kxc4 71. Rf6 Kd3 72. Rxf4 Ra2 73. Rf5 e3 74. Rd5+ Ke4
75. Rd1 e2 76. Rb1 Ke3 77. a6 Rxa6 78. Rb3+ Kd2 79. Rb2+ Kd1
80. Rb1+ Kc2 0-1

[Event "London Chess Classic Open"]
[Site "London ENG"]
[Date "2015.12.11"]
[EventDate "2015.12.04"]
[Round "9.36"]
[Result "1-0"]
[White "Sophie Milliet"]
[Black "Hugh W Murphy"]
[WhiteElo "2356"]
[BlackElo "2172"]
[PlyCount "37"]

1. e4 c6 2. d4 d5 3. Nc3 dxe4 4. Nxe4 Bf5 5. Ng3 Bg6 6. Nh3 e6
7. Bc4 Bd6 8. O-O Nd7 9. Nf4 Qh4 10. Qf3 Ngf6 11. Bxe6 fxe6
12. Nxe6 Be4 13. Qb3 Ng4 14. h3 Nxf2 15. Nxg7+ Kd8 16. Bg5+
Qxg5 17. Ne6+ Kc8 18. Nxg5 Bd5 19. c4 1-0